Proceedings of the IInd International Congress on photosynthesis research held at Stresa, June 1971 V 1. Primary reactions and electron transport (Record no. 33659)

MARC details
000 -LEADER
fixed length control field 00994nam a2200313Ia 4500
082 ## - DEWEY DECIMAL CLASSIFICATION NUMBER
Classification number 581.132
Item number FOR.1
245 #0 - TITLE STATEMENT
Title Proceedings of the IInd International Congress on photosynthesis research held at Stresa, June 1971 V 1. Primary reactions and electron transport
260 ## - PUBLICATION, DISTRIBUTION, ETC. (IMPRINT)
Place of publication Hague
Name of publisher W Junk
Year of publication 1972
505 ## - FORMATTED CONTENTS NOTE
Formatted contents note Photosynthesis, two centuries after its discovery by Joseph Priestly
650 ## - SUBJECT ADDED ENTRY--TOPICAL TERM
Topical Term Chlorophyll fluorescence
650 ## - SUBJECT ADDED ENTRY--TOPICAL TERM
Topical Term Dibromothymoquinone
650 ## - SUBJECT ADDED ENTRY--TOPICAL TERM
Topical Term Electron donation
650 ## - SUBJECT ADDED ENTRY--TOPICAL TERM
Topical Term Electron transport
650 ## - SUBJECT ADDED ENTRY--TOPICAL TERM
Topical Term Epoxy carotenoid
650 ## - SUBJECT ADDED ENTRY--TOPICAL TERM
Topical Term Excition motion
650 ## - SUBJECT ADDED ENTRY--TOPICAL TERM
Topical Term Fluorescence induction
650 ## - SUBJECT ADDED ENTRY--TOPICAL TERM
Topical Term Isotopic exchange
650 ## - SUBJECT ADDED ENTRY--TOPICAL TERM
Topical Term Magnetic dichorism
650 ## - SUBJECT ADDED ENTRY--TOPICAL TERM
Topical Term Oxygen evolution
650 ## - SUBJECT ADDED ENTRY--TOPICAL TERM
Topical Term PH effect
650 ## - SUBJECT ADDED ENTRY--TOPICAL TERM
Topical Term Photosynthesis
650 ## - SUBJECT ADDED ENTRY--TOPICAL TERM
Topical Term Photosystem II
650 ## - SUBJECT ADDED ENTRY--TOPICAL TERM
Topical Term Phytochrome
650 ## - SUBJECT ADDED ENTRY--TOPICAL TERM
Topical Term Pigment
650 ## - SUBJECT ADDED ENTRY--TOPICAL TERM
Topical Term Plastoquinone
700 ## - ADDED ENTRY--PERSONAL NAME
Personal name FORTI, Giorgio
942 ## - ADDED ENTRY ELEMENTS (KOHA)
Koha item type Books
Holdings
Withdrawn status Lost status Damaged status Not for loan Home library Current library Date acquired Full call number Accession Number Koha item type
        RRII Library RRII Library 16/12/2021 581.132 FOR.1 14107 Books